Time and the novel /

Bibliographic Details
Main Author: Mendilow, A. A. (Adam Abraham), 1909-
Format: Thesis Book
Language:English
Published: [London], [New York] : P. Nevill, [1952]
Subjects:

MARC

Tag First Indicator Second Indicator Subfields
LEADER 00000cam a2200000 4500
001 in00000032829
005 20151007063231.0
008 730115s1952 enk 00000 eng u
010 |a  53003323  
035 |a (OCoLC)00537459 
035 |9 AAD6874AM 
040 |c OUN  |d TXA  |d UtOrBLW 
049 |a TXAM  |c [241973] 
050 0 |a PN3355  |b .M4 
082 0 |a 808.3 
092 |a 808.3  |b M538t 
100 1 |a Mendilow, A. A.  |q (Adam Abraham),  |d 1909- 
245 1 0 |a Time and the novel /  |c Introd. by J. Isaacs. 
264 1 |a [London],  |a [New York] :  |b P. Nevill,  |c [1952] 
300 |a 245 pages ;  |c 22 cm. 
336 |a text  |b txt  |2 rdacontent 
337 |a unmediated  |b n  |2 rdamedia 
338 |a volume  |b nc  |2 rdacarrier 
502 |c University of London. 
650 0 |a Fiction  |x Technique. 
650 0 |a Time. 
999 |a MARS 
999 f f |s 603637c6-7cc8-379b-9060-7afce3d20ca2  |i 10a00762-690b-39d0-bfbe-3d72cb30a3d3  |t 0 
952 f f |p ric  |a Texas A&M University  |b Rellis Campus  |c Joint Library Facility  |d Remote Storage  |t 0  |e PN3355 .M4  |h Library of Congress classification  |i unmediated -- volume  |m A14801198471 
998 f f |a PN3355 .M4  |t 0  |l Remote Storage